00836nam a2200265 u 450000100100000000500170001000800410002702000150006804100090008304300120009208200200010410000200012424501030014425000120024726000340025930000270029350000310032050400270035165000310037865000190040965000290042865000500045770000320050770000310053900006238820200120224239.0140717s1996 ag a br| 000 0 spa d a95072452190 aNspa aa-g----04a741.65bT192211 aTaylor, Barbara10aCrea tu propia revista /cBarbara Taylor; ilustraciones Brett Breckon; traducción Elsa Tracchia. a1a. ed. aBuenos Aires :bLumen,c1996. a45 p. :bil. ;e25 cm. aIncluye índice, glosario aIncluye bibliografía17aDiseño de revistas2LEMB27aRevistas2LEMB27aDiseño gráfico2LEMB27aCreación literaria, artística, etc.2LEMB1 aBreckon, Bretteilustradora1 aTracchia, Elsaetraductora